| 000 | 00479nam a2200169Ia 4500 | ||
|---|---|---|---|
| 003 | LK-CoDNM | ||
| 005 | 20240228120426.0 | ||
| 008 | 010623t1902 xxu||||| |||| 00| 1 sin d | ||
| 040 |
_aLK-CoDNM _dLK-CoDNM _eLK-CoDNM |
||
| 041 | _asin | ||
| 080 | _a104 W21 | ||
| 245 | _aඅලුත් ගිවිසුමේ කථා | ||
| 246 | _aNew testament stories | ||
| 260 |
_bChristian Literature Society _aColombo _c1902 |
||
| 300 |
_bDamaged _a60p., 17 260: 8th cm |
||
| 942 | _cBK | ||
| 999 |
_c85423 _d85423 |
||